El caballero de la armadura oxidada / (Registro nro. 10928)

Detalles MARC
000 -LIDER
fixed length control field 00967nam a22003137a 4500
001 - NÚMERO DE CONTROL
Identificador de número de control 0075
003 - IDENTIFICACDOR DE NÚMERO DE CONTROL
control field DO-SdBPM
005 - DATE AND TIME OF LATEST TRANSACTION
control field 20250605110219.0
007 - CAMPOS FIJOS DE DESCRIPCIÓN FÍSICA
fixed length control field 0075
008 - ELEMENTOS DE LONGITUD FIJA
fixed length control field 151110b2002 sp ||00| 0 spa d
020 ## - ISBN
International Standard Book Number 8477209677
040 ## - FUENTE DE CATALOGACIÓN
Agencia que crea de manera original el registro DO-SdBPM
Idioma de catalogación spa
Agencia que realiza la transcripción BPMSU
082 #4 - NÚMERO DE CLASIFICACIÓN DECIMAL DE DEWEY
Classification number 813.5
Item number F533c 2002
Edition number 22
100 1# - ASIENTO PRINCIPAL -- NOMBRE PERSONAL
Nombre personal Fisher, Robert
240 ## - TITULO UNIFORME
Título uniforme The knight in rusty armour
Idioma de una obra Español
245 13 - MENCIÓN DE TITULO
Título El caballero de la armadura oxidada /
Mención de responsabilidad Robert Fisher ; ilustración Mario Diniz ; traducción Verónica De Ornellas Radziwill
250 ## - MENCIÓN DE EDICION
Mención de edición
260 ## - PUBLICACIÓN, DISTRIBUCIÓN, ETC. (PIE DE IMPRENTA)
Lugar de publicación, distribución, etc Barcelona :
Nombre del editor, distribuidor, etc. Obelisco,
Fecha de publicación, distribución, etc 2002
300 ## - DESCRIPCIÓN FÍSICA
Extensión 92 p. ;
Dimensiones 21 cm.
440 ## - MENCIÓN DE SERIE/ENTRADA SECUNDARIA--TÍTULO
Enlace Nue
490 0# - MENCIÓN DE SERIES
Mención de serie Nueva conciencia
590 ## - NOTA LOCAL
Texto de la nota local Inventariado, 2025/VM
650 #4 - ENCABEZAMIENTO DE MATERIA--TEMÁTICO
Término temático o nombre geográfico como elemento de entrada Novela estadounidenses
650 #4 - ENCABEZAMIENTO DE MATERIA--TEMÁTICO
Término temático o nombre geográfico como elemento de entrada Conducta (Ética)
Subdivisión de forma Novela
700 1# - ASIENTO SECUNDARIO -- NOMBRE PERSONAL
Nombre personal Diniz, Mario
Mención de responsabilidad ilustraciones
700 1# - ASIENTO SECUNDARIO -- NOMBRE PERSONAL
Nombre personal Ornellas Radziwill, Verónica de
Mención de responsabilidad traductor
910 ## - VALIDACIÓN
Validación VMateo V. Control de calidad. BPMSU
942 ## - ADDED ENTRY ELEMENTS (KOHA)
Source of classification or shelving scheme Dewey Decimal Classification
Koha item type Libros
Existencias
Withdrawn status Lost status Source of classification or shelving scheme Damaged status Not for loan Collection code Home library Current library Date acquired Source of acquisition Total Checkouts Full call number Barcode Date last seen Price effective from Koha item type Copy number
    Dewey Decimal Classification     Colección Juvenil General Biblioteca Pública Metropolitana Salomé Ureña Biblioteca Pública Metropolitana Salomé Ureña 07/18/2016 FUNDI   BPMSU CJG 813.5 F533c 2002 BPMSU16070523 07/18/2016 07/18/2016 Libros  
    Dewey Decimal Classification     Colección Juvenil General Biblioteca Pública Metropolitana Salomé Ureña Biblioteca Pública Metropolitana Salomé Ureña 07/18/2016 FUNDI   BPMSU CJG 813.5 F533c 2002 BPMSU25060013 06/05/2025 07/18/2016 Libros e.2
    Dewey Decimal Classification     Colección Juvenil General Biblioteca Pública Metropolitana Salomé Ureña Biblioteca Pública Metropolitana Salomé Ureña 07/18/2016 FUNDI   BPMSU CJG 813.5 F533c 2002 BPMSU25060014 06/05/2025 07/18/2016 Libros e.3